Auspicia recenzovaný vědecký časopis pro oblast společenských a humanitních věd

Saved in:
Bibliographic Details
Format: Serial
Language:Czech
Published: České Budějovice Vysoká škola evropských a regionálních studií 2018
Tags: Add Tag
No Tags, Be the first to tag this record!

MARC

LEADER 00000nas2a2200000 4500
001 0246938
005 20230125142810.9
022 |a 1214-4967 
041 0 |a cze 
044 |a CZ 
245 1 0 |a Auspicia  |b recenzovaný vědecký časopis pro oblast společenských a humanitních věd 
264 1 |a České Budějovice  |b Vysoká škola evropských a regionálních studií  |c 2018 
773 0 |w eu_un_cat*0108920 
774 0 |w eu_un_cat*0290470